书目信息 |
| 题名: |
咖啡文化 & 咖啡美学
|
|
| 作者: | ;善本出版有限公司 编著 | |
| 分册: | ||
| 出版信息: | 北京 电子工业出版社 2018 |
|
| 页数: | 239页 | |
| 开本: | 24cm | |
| 丛书名: | ||
| 单 册: | ||
| 中图分类: | TS273 | |
| 科图分类: | ||
| 主题词: | 咖啡--ka fei--基本知识 | |
| 电子资源: | ||
| ISBN: | 978-7-121-33924-0 | |
| 000 | 00870nam0 2200265 450 | |
| 001 | 012001001511 | |
| 005 | 20131108131243.0 | |
| 010 | @a978-7-121-33924-0@dCNY89.90 | |
| 099 | @aCAL 012018087950 | |
| 100 | @a20180614d2018 em y0chiy50 ea | |
| 101 | 0 | @achi |
| 102 | @aCN@b110000 | |
| 105 | @aa z 000yy | |
| 106 | @ar | |
| 200 | 1 | @a咖啡文化 & 咖啡美学@Aka fei wen hua & ka fei mei xue@f善本出版有限公司编著 |
| 210 | @a北京@c电子工业出版社@d2018 | |
| 215 | @a239页@c图@d24cm | |
| 312 | @a英文题名取自封面 | |
| 330 | @a本书以现代的创意设计理念出发,囊括世界咖啡文化的精华,展示全球优秀的咖啡平面与室内空间设计。 | |
| 510 | 1 | @aCoffee and design@zeng |
| 606 | 0 | @a咖啡@Aka fei@x基本知识 |
| 690 | @aTS273@v5 | |
| 711 | 02 | @a善本出版有限公司@Ashan ben chu ban you xian gong si@4编著 |
| 801 | 0 | @aCN@b北京卓展@c20191020 |
| 905 | @b1198457-9@dTS273@e326@f3 | |
| 咖啡文化 & 咖啡美学/善本出版有限公司编著.-北京:电子工业出版社,2018 |
| 239页:图;24cm |
| ISBN 978-7-121-33924-0:CNY89.90 |
| 本书以现代的创意设计理念出发,囊括世界咖啡文化的精华,展示全球优秀的咖啡平面与室内空间设计。 |
| ● |
| 相关链接 |
|
|
|
|
正题名:咖啡文化 & 咖啡美学
索取号:TS273/326
 
预约/预借
| 序号 | 登录号 | 条形码 | 馆藏地/架位号 | 状态 | 备注 |
| 1 | 1198457 | 211984575 | 第二样本阅览室/ [索取号:TS273/326] | 在馆 | |
| 2 | 1198458 | 211984584 | 第三借阅区/ [索取号:TS273/326] | 在馆 | |
| 3 | 1198459 | 211984593 | 第三借阅区/ [索取号:TS273/326] | 在馆 |